000 00315nam a2200121Ia 4500
008 220204s9999 xx 000 0 und d
082 _a339.1
_bECK
100 _aECKERSLEY, C E
245 0 _aEnglish commercial practice and correspondence
260 _aLondon
_bLongman
_c1974
700 _aKAUFMANN, W
942 _cBK
999 _c28069
_d28069